Una máquina de leer : la novela policíaca /

Este estudio crítico sobre la novela policiaca presenta un cuadro muy completo del género a través de sus autores representativos, de sus métodos de razonamiento, características y resultados. Narcejac destaca, además, la complicidad que se establece entre el lector y el autor de este tipo de novela...

Descrición completa

Gardado en:
Detalles Bibliográficos
Autor Principal: Narcejac, Thomas (autor)
Formato: Libro
Idioma:Lingua castelá
Publicado: México : Fondo de Cultura Económica, 1986, c1986
Series:(Colección Popular ; 343)
Temas:
Etiquetas: Engadir etiqueta
Sen Etiquetas, Sexa o primeiro en etiquetar este rexistro!

MARC

LEADER 00000nam^a2200000^a^4500
001 000022306
005 20250521000000.0
009 20260310084449.97
020 |a 968-16-2314-2 
037 |a Acervo ITESO - Biblioteca 
041 |a ESP 
082 |a 809. 39371  |b NAR 
100 |a Narcejac, Thomas  |e (autor) 
245 1 4 |a Una máquina de leer :  |b la novela policíaca /  |c T. Narcejac ; tr. por Jorge Ferreiro ; pról. de F. Le Lionnais. 
264 4 |a México :  |b Fondo de Cultura Económica,  |c 1986, c1986 
300 |a 248 p. 
336 |a texto  |b txt  |2 rdacontenido 
337 |a sin mediación  |b n  |2 rdamedio 
338 |a volumen  |b nc  |2 rdasoporte 
440 1 |a (Colección Popular ;  |v 343) 
500 |a Traducción de: Une machine á lire: Le roman policier 
520 |a Este estudio crítico sobre la novela policiaca presenta un cuadro muy completo del género a través de sus autores representativos, de sus métodos de razonamiento, características y resultados. Narcejac destaca, además, la complicidad que se establece entre el lector y el autor de este tipo de novela. 
649 |a XX 
650 |a Literatura Policíaca y de Misterio -  |x Historia y Crítica 
910 |a Fondo General 
920 |a Impresos - Libros 
930 |a Colección General 
905 |a 101 
901 |a 0223060100  |b IT1  |c ACC  |i 022306  |u 20250521 
902 |a https://opac.biblio.iteso.mx/vufind/Record/000022306